World aflame (Record no. 2905)

MARC details
000 -LEADER
fixed length control field 00707cam a22002411 4500
001 - CONTROL NUMBER
control field 1224551
003 - CONTROL NUMBER IDENTIFIER
control field GBCCL
005 - DATE AND TIME OF LATEST TRANSACTION
control field 20241126110442.0
008 - FIXED-LENGTH DATA ELEMENTS--GENERAL INFORMATION
fixed length control field 721219s1965 nyu b 000 0 eng
010 ## -
-- 65024684
040 ## - CATALOGING SOURCE
Original cataloging agency DLC
Transcribing agency DLC
Modifying agency DLC
050 00 -
-- BV3797
-- .G676
082 00 - DEWEY DECIMAL CLASSIFICATION NUMBER
Classification number 243
Item number GRA
100 1# - MAIN ENTRY--PERSONAL NAME
Personal name Graham, Billy,
Dates associated with a name 1918-
9 (RLIN) 449
245 10 - TITLE STATEMENT
Title World aflame
Statement of responsibility, etc. [by] Billy Graham.
250 ## - EDITION STATEMENT
Edition statement [1st ed.]
260 ## - PUBLICATION, DISTRIBUTION, ETC.
Place of publication, distribution, etc. Garden City, N.Y.,
Name of publisher, distributor, etc. Doubleday,
Date of publication, distribution, etc. 1965.
300 ## - PHYSICAL DESCRIPTION
Extent xvii, 267 p.
Dimensions 22 cm.
504 ## - BIBLIOGRAPHY, ETC. NOTE
Bibliography, etc. note Bibliographical references included in "Notes" (p. [265]-267)
650 #0 - SUBJECT ADDED ENTRY--TOPICAL TERM
Topical term or geographic name entry element Christianity
Chronological subdivision 20th century.
9 (RLIN) 436
906 ## - LOCAL DATA ELEMENT F, LDF (RLIN)
a 7
b cbu
c orignew
d u
e ocip
f 19
g y-gencatlg
942 ## - ADDED ENTRY ELEMENTS (KOHA)
Source of classification or shelving scheme Dewey Decimal Classification
Koha item type Books
Koha issues (borrowed), all copies 1
Holdings
Withdrawn status Lost status Source of classification or shelving scheme Damaged status Not for loan Home library Current Library Shelving location Date acquired Total checkouts Full call number Barcode Date last seen Copy number Price effective from Koha item type Date last checked out
    Dewey Decimal Classification     GRACE BIBLE COLLEGE GRACE BIBLE COLLEGE Ministry & Mission 2017-10-06   243 GRA 000634 2025-05-01 c.1 2017-10-06 Books  
    Dewey Decimal Classification     GRACE BIBLE COLLEGE GRACE BIBLE COLLEGE Ministry & Mission 2017-10-06   243 GRA 000635 2025-05-01 c.2 2017-10-06 Books  
    Dewey Decimal Classification     GRACE BIBLE COLLEGE GRACE BIBLE COLLEGE Ministry & Mission 2017-10-06 1 243 GRA 000636 2025-05-01 c.3 2017-10-06 Books 2018-09-25
    Dewey Decimal Classification     GRACE BIBLE COLLEGE GRACE BIBLE COLLEGE Ministry & Mission 2017-10-06   243 GRA 000637 2025-05-01 c.4 2017-10-06 Books  
    Dewey Decimal Classification     GRACE BIBLE COLLEGE GRACE BIBLE COLLEGE Ministry & Mission 2018-02-21   243 GRA 000654 2025-05-01 c.5 2018-02-21 Books  
    Dewey Decimal Classification     GRACE BIBLE COLLEGE GRACE BIBLE COLLEGE Ministry & Mission 2023-01-18   243 GRA 020383 2025-05-01 c.6 2023-01-18 Books  
© Grace Bible College Library 2025